LEADER 01973oam 2200541I 450 001 9910707879003321 005 20161206132454.0 035 $a(CKB)5470000002467766 035 $a(OCoLC)846353841 035 $a(EXLCZ)995470000002467766 100 $a20130602j199707 ua 0 101 0 $aeng 135 $aurbn||||a|a|| 181 $ctxt$2rdacontent 182 $cc$2rdamedia 183 $acr$2rdacarrier 200 10$aATM quality of service tests for digitized video using ATM over satellite: laboratory tests /$fWilliam D. Ivancic, David E. Brooks and Brian D. Frantz 210 1$aCleveland, Ohio :$cNational Aeronautics and Space Administration, Lewis Research Center,$dJuly 1997. 215 $a1 online resource (5 pages) $cillustrations 225 1 $aNASA technical memorandum ;$v107421 300 $a"July 1997." 300 $a"Performing organization: National Aeronautics and Space Administration Lewis Research Center"--Report documentation page. 320 $aIncludes bibliographical references (pages 4-5). 517 $aATM quality of service tests for digitized video using ATM over satellite 606 $aAsynchronous transfer mode$2nasat 606 $aDigital systems$2nasat 606 $aDigital data$2nasat 606 $aVideo signals$2nasat 606 $aSatellite communication$2nasat 615 7$aAsynchronous transfer mode. 615 7$aDigital systems. 615 7$aDigital data. 615 7$aVideo signals. 615 7$aSatellite communication. 700 $aIvancic$b William D.$01389619 702 $aBrooks$b David E. 702 $aFrantz$b Brian D. 712 02$aLewis Research Center, 801 0$bOCLCE 801 1$bOCLCE 801 2$bOCLCQ 801 2$bOCLCO 801 2$bOCLCQ 801 2$bGPO 906 $aBOOK 912 $a9910707879003321 996 $aATM quality of service tests for digitized video using ATM over satellite: laboratory tests$93441434 997 $aUNINA LEADER 01425nas 2200445-a 450 001 9910890920403321 005 20260218112601.0 035 $a(CKB)111056649446258 035 $a(CONSER)--2003242078 035 $a(DE-599)ZDB2378462-3 035 $a(DE-599)2378462-3 035 $a(EXLCZ)99111056649446258 100 $a20030523auuuu9999 -f- - 101 0 $aeng 135 $aurcn||||||||| 181 $ctxt$2rdacontent 182 $cc$2rdamedia 183 $acr$2rdacarrier 200 00$aAsian development outlook$iUpdate 210 $aManila $cAsian Development Bank 215 $a1 online resource 300 $aSome issues have also a unique title. 311 08$aPrint version: Asian development outlook. 1655-4809 (DLC) 2003242078 (OCoLC)52304197 517 3 $aUpdate 606 $aEconomic forecasting$zAsia$vPeriodicals 606 $aEconomic forecasting$2fast$3(OCoLC)fst00901942 606 $aEconomic history$2fast$3(OCoLC)fst00901974 607 $aAsia$xEconomic conditions$y1945-$vPeriodicals 607 $aAsia$2fast 608 $aPeriodicals.$2fast 608 $aPeriodicals.$2lcgft 615 0$aEconomic forecasting 615 7$aEconomic forecasting. 615 7$aEconomic history. 712 02$aAsian Development Bank. 906 $aJOURNAL 912 $a9910890920403321 920 $aexl_impl conversion 996 $aAsian development outlook$94232249 997 $aUNINA LEADER 02812oas 2201129 a 450 001 9910143259603321 005 20260218110802.0 011 $a1996-8507 035 $a(DE-599)ZDB2037676-5 035 $a(OCoLC)56625498 035 $a(CONSER) 2014251113 035 $a(CKB)954925585270 035 $a(DE-599)2037676-5 035 $a(EXLCZ)99954925585270 100 $a20041005a19919999 sy 101 0 $aeng 135 $aurbn||||||||| 181 $ctxt$2rdacontent 182 $cc$2rdamedia 183 $acr$2rdacarrier 200 00$aStatistica Sinica 210 $aTaipei, Taiwan, R.O.C. $cStatistica Sinica$dİ1991- 215 $cillustrations 300 $aRefereed/Peer-reviewed 311 08$a1017-0405 517 1 $aSS 606 $aMathematical statistics$vPeriodicals 606 $aStatistics as Topic 606 $aModels, Statistical 606 $aStatistique mathe?matique$vPe?riodiques 606 $aMathematical statistics$2fast$3(OCoLC)fst01012127 606 $aStatistik$2gnd 606 $aZeitschrift$2gnd 606 $aStatistiek$2gtt 606 $aTaiwan$2stw 606 $aStatistische Methode$2stw 606 $aStatistische Methodenlehre$2stw 606 $aTheorie$2stw 606 $astatistics$2aat 608 $aPeriodical. 608 $aCzasopismo matematyczne.$2dbn 608 $aPeriodicals.$2fast 615 0$aMathematical statistics 615 12$aStatistics as Topic. 615 22$aModels, Statistical. 615 6$aStatistique mathe?matique 615 7$aMathematical statistics. 615 7$aStatistik. 615 7$aZeitschrift. 615 17$aStatistiek. 615 7$aTaiwan. 615 7$aStatistische Methode. 615 7$aStatistische Methodenlehre. 615 7$aTheorie. 615 7$astatistics. 676 $a519.5/05 712 02$aInternational Chinese Statistical Association, 712 02$aZhong yang yan jiu yuan.$bTong ji ke xue yan jiu suo, 801 0$bRRR 801 1$bRRR 801 2$bCUS 801 2$bOCLCQ 801 2$bSYB 801 2$bTXJ 801 2$bQE2 801 2$bHEBIS 801 2$bOCLCQ 801 2$bOCLCF 801 2$bUMC 801 2$bOCLCE 801 2$bDEBBG 801 2$bGBVCP 801 2$bOCLCQ 801 2$bTEF 801 2$bOCLCQ 801 2$bLIP 801 2$bOCLCO 801 2$bXFH 801 2$bOCLCO 801 2$bCHVBK 801 2$bDEBSZ 801 2$bOCLCA 801 2$bWY@ 801 2$bOCLCQ 801 2$bOCLCO 801 2$bOCLCA 801 2$bEZC 801 2$bOCLCQ 801 2$bDXU 801 2$bOCLCQ 801 2$bOCLCL 801 2$bSFB 801 2$bQGK 906 $aJOURNAL 912 $a9910143259603321 996 $aStatistica sinica$9786308 997 $aUNINA